| 000 | 00703nam a22002177a 4500 | ||
|---|---|---|---|
| 999 |
_c9599 _d9599 |
||
| 001 | 9599 | ||
| 003 | OSt | ||
| 005 | 20180320132806.0 | ||
| 008 | 180320b1972 bg ||||| |||| 00| 0 ben d | ||
| 035 | _a(BD-JhCC)9599 | ||
| 040 |
_aBD-JhCC _dBD-JhCC |
||
| 041 | _aben | ||
| 082 |
_a320.00 _bKHA 1972 |
||
| 100 | _aখান, সিরাজুল আলম | ||
| 245 |
_aএকটি প্রস্তাবনা শাসনতন্ত্র ও শাসনতান্ত্রিক রূপরেখা / _c সিরাজুল আলম খান |
||
| 260 |
_aঢাকা : _c1972. |
||
| 300 |
_a20 p. : _c21 cm. |
||
| 650 | _aPolitics and government | ||
| 942 |
_2ddc _cBK |
||